Sports Quiz

Random Sports or Football Quiz

NFL Last 3 First Round QBs per Team Quiz Stats

 Plays Quiz Updated Apr 27, 2018

Challenge
Share
Tweet
Embed
Score 0/90 Timer 08:00
4 Plays Today
Team Quarterback % Correct
ChargersEli Manning
96.4%
ColtsPeyton Manning
96.4%
SaintsArchie Manning
95.8%
49ersAlex Smith
91.7%
BengalsAkili Smith
91.3%
PackersAaron Rodgers
88.8%
FalconsMatt Ryan
87.1%
LionsMatt Stafford
86.6%
BengalsCarson Palmer
86.2%
PanthersCam Newton
86.1%
GiantsPhilip Rivers
86%
ColtsAndrew Luck
85.5%
BroncosTim Tebow
85.4%
EaglesDonovan McNabb
84.6%
RedskinsRobert Griffin III
84.6%
JetsMark Sanchez
84.4%
RavensJoe Flacco
83.2%
CowboysTroy Aikman
82.4%
JaguarsBlake Bortles
82.2%
RamsSam Bradford
81.3%
FalconsMichael Vick
81%
SteelersBen Roethlisberger
80.8%
BroncosJay Cutler
80.3%
RavensLamar Jackson
79.8%
BillsEJ Manuel
79.2%
TitansVince Young
78.8%
RaidersJaMarcus Russell
78.1%
PatriotsDrew Bledsoe
77.9%
DolphinsDan Marino
77.4%
TexansDeshaun Watson
76.4%
Team Quarterback % Correct
TexansDavid Carr
75.7%
BuccaneersJosh Freeman
73.5%
DolphinsRyan Tannehill
69.6%
BrownsJohnny Manziel
69.4%
BillsJosh Allen
67.2%
JaguarsBlaine Gabbert
66.8%
VikingsChristian Ponder
65.8%
CardinalsMatt Leinart
65.5%
BearsRex Grossman
65.3%
TitansMarcus Mariota
62.9%
VikingsDaunte Culpepper
62.4%
TitansJake Locker
61.7%
SteelersTerry Bradshaw
61.1%
BuccaneersJameis Winston
60.5%
JetsChad Pennington
59.6%
BrownsBrandon Weeden
59.4%
LionsJoey Harrington
55.5%
BillsJ.P. Losman
54.7%
JaguarsByron Leftwich
54%
ChargersRyan Leaf
53.7%
BrownsBaker Mayfield
53%
GiantsPhil Simms
52.5%
RedskinsJason Campbell
45.1%
PackersRich Campbell
44.8%
DolphinsBob Griese
44.1%
PanthersKerry Collins
44.1%
RavensKyle Boller
42.7%
ColtsJeff George
39.1%
BearsMitchell Trubisky
35.6%
BearsCade McNown
35.4%
Team Quarterback % Correct
VikingsTeddy Bridgewater
35%
BroncosPaxton Lynch
34.4%
BuccaneersTrent Dilfer
34.3%
SeahawksRick Mirer
31.5%
JetsSam Darnold
31.2%
PatriotsTony Eason
29.2%
PatriotsJim Plunkett
25%
RedskinsPatrick Ramsey
23.3%
RaidersTodd Marinovich
22.1%
ChiefsTodd Blackledge
21.8%
49ersJim Druckenmiller
21.8%
LionsAndre Ware
21.4%
BengalsDavid Klingler
19.9%
EaglesCarson Wentz
19%
RamsJared Goff
18.6%
FalconsChris Miller
17.7%
SeahawksDan McGwire
15.9%
RaidersMarc Wilson
15.2%
CowboysCraig Morton
12.1%
SteelersMark Malone
11.8%
ChiefsPatrick Mahomes
9.4%
CardinalsKelly Stouffer
5.5%
49ersSteve Spurrier
5.3%
ChiefsSteve Fuller
2.9%
CardinalsJosh Rosen
2%
PackersJerry Tagge
1.2%
EaglesJohn Reaves
1%
ChargersMarty Domres
0.8%
RamsBilly Munson
0.7%
GiantsLee Grosscup
0.6%

You're not logged in!

Compare scores with friends on all Sporcle quizzes.
Join for Free
OR
Log In

You Might Also Like...

Show Comments

Extras

Top Quizzes Today


Score Distribution

Your Account Isn't Verified!

In order to create a playlist on Sporcle, you need to verify the email address you used during registration. Go to your Sporcle Settings to finish the process.

Report this User

Report this user for behavior that violates our Community Guidelines.

Details: